Protéines de l'inflammation - Statistiques

Statistiques générales
  • Ce quiz a été pris 7 fois
  • Le résultat moyen est 5 sur 12
Statistiques - réponses
Réponse % Correct
CRP
100%
Haptoglobine
60%
Alpha-antitrypsine
40%
Ferritine
40%
Fibrinogène
40%
Orosomucoïde
40%
Procalcitonine
40%
Alpha-antichymotrypsine
20%
Alpha-macroglobuline
20%
Céruléoplasmine
20%
Proteine du complément C3/C4
20%
Protéine SAA
20%
Aucun quiz correspondant
Distribution des résultats
% des personnes avec chaque résultat
Percentile par nombre de réponses
Votre historique - résultats
Vous n’avez pas pris ce quiz